00562nam a2200193Ia 450000500170000000800410001702000150005808200210007310000190009424500370011326000420015030000170019265000130020965000160022265000120023894200060025095200970025699900150035320250120012125.0240331s9999 xx 000 0 und d a0195639154 bVIS22676a305.3 aVisweswaran, K 0aFictions of Feminist Ethnography aDelhibOxford University Press c1996 axii, 205 p., aFeminism aEthnography aFiction cL 001040708LaWERCLbWERCLcSSCd2024-03-31l0o 305.3 VISp2676r2024-03-31w2024-03-31yL c5507d5507